[Event "Hamburg-ch U16"]
[Site "Schoenhagen"]
[Date "2009.03.17"]
[Round "5"]
[White "Goepfert, Jakob"]
[Black "Hartmann, Chris Peter"]
[Result "0-1"]
[WhiteElo "1848"]
[BlackElo "1607"]
[PlyCount "52"]
[EventDate "2009.03.14"]
[EventType "swiss"]
[EventRounds "9"]
[EventCountry "GER"]
[SourceTitle "EXT 2010"]
[Source "ChessBase"]
[SourceDate "2010.11.25"]
[SourceVersion "1"]
[SourceVersionDate "2010.11.25"]
[SourceQuality "1"]

1. d4 d5 2. c4 e6 3. Nf3 f5 4. g3 c6 5. Qc2 Bd6 6. Bg2 Nf6 7. 0-0 0-0 8. b3 Nbd7 9. Ba3 Bxa3 10. Nxa3 Qe7 11. Qb2 b6 12. Rac1 Bb7 13. cxd5 exd5 14. e3 Rac8 15. b4 Ne4 16. Nc2 g5 17. Rfd1 h5 18. h4 f4 19. Nxg5 fxg3 20. Nxe4 dxe4 21. fxg3 Qd6 22. Kh2 Nf6 23. Bh3 Ng4+ 24. Bxg4 Rf2+ 25. Kh1 Qxg3 26. Be6+ Kf8 0-1

[Event "Hamburg State-ch U12"]
[Site "Cuxhaven"]
[Date "2005.03.15"]
[Round "5"]
[White "Hartmann, Chris Peter"]
[Black "Steinfeldt, Henry"]
[Result "1-0"]
[WhiteElo "841"]
[BlackElo "1028"]
[PlyCount "55"]
[EventDate "2005.03.12"]
[EventType "swiss"]
[EventRounds "9"]
[EventCountry "GER"]
[SourceTitle "EXT 2007"]
[Source "ChessBase"]
[SourceDate "2006.11.23"]
[SourceVersion "1"]
[SourceVersionDate "2006.11.23"]
[SourceQuality "1"]

1. d4 d5 2. c4 c6 3. Nf3 Nf6 4. Nc3 e6 5. Bf4 Nbd7 6. e3 Be7 7. Bd3 0-0 8. 0-0 Re8 9. Re1 h6 10. e4 dxe4 11. Nxe4 Nxe4 12. Bxe4 Nf6 13. Bc2 Qb6 14. b3 Rd8 15. h3 Kf8 16. Be5 Bb4 17. Rf1 Qa5 18. Qd3 Ng8 19. Rfd1 Bd6 20. Bxd6+ Rxd6 21. c5 Rd8 22. Ne5 Bd7 23. Qf3 f6 24. Ng6+ Ke8 25. Re1 Qb4 26. d5 cxd5 27. Qxd5 Qb5 28. Rxe6+ 1-0